• 首页
  • 本馆介绍
  • 公告通知
  • 最新文献
  • 馆藏检索
  • 电子资源
  • 读者导购
  • 参考咨询
  • 我的图书馆
  • 登录
  • 详细信息显示
  • 放入我的书架
  • 预约/预借图书
  • 作者相关作品
  • 分类相关作品
  • 丛书相关作品
  • 出版社相关作品

书目信息

  • 表格格式
  • 工作单格式
  • 卡片格式
题名:
战争狂人--东条英机
    
 
作者: 解力夫 著
分册:  
出版信息: 北京   世界知识出版社  1985.08
页数: 467页
开本: 24cm
丛书名:
单 册:
中图分类: K43
科图分类:
主题词: 西非--历史
电子资源:
ISBN: 7-5012-0245-0
000 00564nam0 2200181 450
001 202411013904608082
005 20241101101733.66
010    @a7-5012-0245-0@d¥4.60
100    @a20241101d km y0chiy0120 ea
101 0  @achi
200 1  @a战争狂人--东条英机@AZhan Zheng Kuang Ren--Dong Tiao Ying Ji@f解力夫著@FJie Li Fu Zhu
210    @a北京@c世界知识出版社@d1985.08
215    @a467页@d24cm
606 0  @a西非@x历史
690    @aK43@v4
701  0 @a解力夫@AJie Li Fu@4著
801  0 @aCN@b大连网信软件有限公司图书馆·11@c20241101
905    @aZUCC@b1431006@dK43@e20@f1
    
    战争狂人--东条英机/解力夫著.-北京:世界知识出版社,1985.08
    467页;24cm
    
    
    ISBN 7-5012-0245-0:¥4.60
    
●
相关链接 在E读中查询图书 在五车中查询图书 在当当中查询图书 在豆瓣中查询图书


正题名:战争狂人--东条英机     索取号:K43/20         预约/预借

序号 登录号 条形码 馆藏地/架位号 状态 备注
1 1431006   214310066   密集书库-史法系/ [索取号:K43/20] 在馆    
唐山师范学院图书馆 欢迎您!
大连网信软件有限公司© 版权所有